UBT Library

Introduction Contemporary Music (Record no. 53437)

000 -LEADER
fixed length control field 00271nam a22001217a 4500
008 - FIXED-LENGTH DATA ELEMENTS--GENERAL INFORMATION
fixed length control field 181218b xxu||||| |||| 00| 0 eng d
041 ## - LANGUAGE CODE
Language code of text/sound track or separate title eng
080 ## - UNIVERSAL DECIMAL CLASSIFICATION NUMBER
Universal Decimal Classification number 781
100 ## - Rafti
Rafti 45
101 ## - Shkurtesa
Shkurtesa MUZ
245 ## - TITLE STATEMENT
Title Introduction Contemporary Music
Statement of responsibility, etc Joseph.M
942 ## - ADDED ENTRY ELEMENTS (KOHA)
Source of classification or shelving scheme
Item type Books
Holdings
Withdrawn status Lost status Source of classification or shelving scheme Damaged status Not for loan Collection code Permanent location Current location Shelving location Date acquired Total Checkouts Full call number Barcode Date last seen Price effective from Koha item type
          Koleksioni i përgjithshem UBT - Lipjan UBT - Lipjan Koleksioni i përgjithshem 12/18/2018   781 JOS 002-3022070 12/18/2018 12/18/2018 Books
UBT Library © 2015-2024. All rights reserved University Education for Business and Technology